Modern concepts on water resources (Record no. 1335)

000 -LEADER
fixed length control field 00600nam a22002177a 4500
001 - CONTROL NUMBER
control field 1335
003 - CONTROL NUMBER IDENTIFIER
control field BD-DhUET
008 - FIXED-LENGTH DATA ELEMENTS--GENERAL INFORMATION
fixed length control field 140903b xxu||||| |||| 00| 0 eng d
020 ## - INTERNATIONAL STANDARD BOOK NUMBER
International Standard Book Number 9848090309
040 ## - CATALOGING SOURCE
Original cataloging agency 0
Transcribing agency 0
Modifying agency BD-DhUET
082 ## - DEWEY DECIMAL CLASSIFICATION NUMBER
Classification number 628.16068095492
Item number FAI/2007
100 ## - MAIN ENTRY--PERSONAL NAME
Personal name Faisal Hossain
245 ## - TITLE STATEMENT
Title Modern concepts on water resources
Statement of responsibility, etc. by Faisal Hossain,Md. Delawer Hossain
250 ## - EDITION STATEMENT
Edition statement Ist ed.
260 ## - PUBLICATION, DISTRIBUTION, ETC. (IMPRINT)
Place of publication, distribution, etc. Dhaka
Name of publisher, distributor, etc. UGC,
Date of publication, distribution, etc. 2007
300 ## - PHYSICAL DESCRIPTION
Extent xv,222p.
504 ## - BIBLIOGRAPHY, ETC. NOTE
Bibliography, etc Includes bibliographies
650 #0 - SUBJECT ADDED ENTRY--TOPICAL TERM
Topical term or geographic name as entry element Water resources management
Geographic subdivision Bangladesh
700 ## - ADDED ENTRY--PERSONAL NAME
Personal name Delawer Hossain, Md.
942 ## - ADDED ENTRY ELEMENTS (KOHA)
Koha item type General Book
Holdings
Copy number Piece designation (barcode) Shelving location Koha date last seen Price effective from Not for loan Damaged status Date acquired Lost status Source of classification or shelving scheme Koha normalized classification for sorting Koha item type Koha full call number Location (home branch) Withdrawn status Sublocation or collection (holding branch)
1103500Circulation section2014-09-032014-09-03  2014-09-03  628_160680954920000_FAI_2007General Book628.16068095492/FAI/2007Central Library, BUET Central Library, BUET
2103501Circulation section2014-09-032014-09-03  2014-09-03  628_160680954920000_FAI_2007General Book628.16068095492/FAI/2007Central Library, BUET Central Library, BUET
3103502Circulation section2014-09-032014-09-03  2014-09-03  628_160680954920000_FAI_2007General Book628.16068095492/FAI/2007Central Library, BUET Central Library, BUET
4103503Circulation section2014-09-032014-09-03  2014-09-03  628_160680954920000_FAI_2007General Book628.16068095492/FAI/2007Central Library, BUET Central Library, BUET
5103504Circulation section2014-09-032014-09-03  2014-09-03  628_160680954920000_FAI_2007General Book628.16068095492/FAI/2007Central Library, BUET Central Library, BUET
6103505Circulation section2014-09-032014-09-03  2014-09-03  628_160680954920000_FAI_2007General Book628.16068095492/FAI/2007Central Library, BUET Central Library, BUET
7103506Circulation section2014-09-032014-09-03  2014-09-03  628_000000000000000_1606809549General Book628.16068095492/FAI/2007Central Library, BUET Central Library, BUET
8103507Circulation section2014-09-032014-09-03  2014-09-03  628_000000000000000_1606809549General Book628.16068095492/FAI/2007Central Library, BUET Central Library, BUET
9103508Circulation section2014-09-032014-09-03  2014-09-03  628_160680954920000_FAI_2007General Book628.16068095492/FAI/2007Central Library, BUET Central Library, BUET
10103509Circulation section2014-09-032014-09-03  2014-09-03  628_000000000000000_1606809549General Book628.16068095492/FAI/2007Central Library, BUET Central Library, BUET
11114242Circulation section2016-07-262016-07-26  2016-07-26  628_160680954920000_FAI_2007General Book628.16068095492/FAI/2007Central Library, BUET Central Library, BUET
12114243Circulation section2016-07-262016-07-26  2016-07-26  628_160680954920000_FAI_2007General Book628.16068095492/FAI/2007Central Library, BUET Central Library, BUET